|
003 -Nazwa inst., której nr kontr. jest w polu 001 [,]
|
-
- @
- Nazwa instytucji, której n kontrolny jest w polu 001
- NUKAT
|
|
005 -DATA I CZAS OSTATNIEJ MODYFIKACJI [,]
|
-
- @
- pole kontrolne
- 20241231095927.0
|
|
020 -Międzynarod. znormalizowany nr książki - ISBN [ , ]
|
-
- a
- Numer ISBN
- 9788301197872
|
|
040 -Instytucja sporządzająca opis [ , ]
|
-
- a
- Instytucja, która sporządziła opis (NP)
- WR U/as
-
- b
- Język katalogowania
- pol
-
- e
- Zasady katalogowania
- rda
-
- c
- Instytucja, która sporządziła rekord (NP)
- WR U/ass
-
- d
- Instytucja, która zmodyfikowała rekord (P)
- WR U/ms
-
- d
- Instytucja, która zmodyfikowała rekord (P)
- KR 048/PK
-
- d
- Instytucja, która zmodyfikowała rekord (P)
- WA 14/MBs
-
- d
- Instytucja, która zmodyfikowała rekord (P)
- BYDG 020/AMs
|
|
942 -Rodzaj dokumentu [ , ]
|
-
- c
- Rodzaj dokumentu
- Książka
|
|
245 -Strefa tytułu i oznaczenia odpowiedzialności [0,0]
|
-
- a
- Tytuł
- Podstawy ekonomii /
-
- c
- Pozostałe elementy strefy tytułu i oznaczenia odpowiedzialności (NP)
- redakcja naukowa Roman Milewski, Eugeniusz Kwiatkowski ; autorzy Paweł Baranowski, Joanna Działo, Paweł Gajewski, Janina Godłów-Legiędź, Tomasz Grabia, Anna Krajewska, Piotr Krajewski, Stefan Krajewski, Leszek Kucharski, Walentyna Kwiatkowska, Eugeniusz Kwiatkowski, Roman Milewski, Ryszard Piasecki, Katarzyna Piłat, Radosław Piwowarski, Andrzej Raczko, Paweł Samecki, Janina Witkowska.
|
|
250 -Strefa wydania [ , ]
|
-
- a
- Oznaczenie wydania (NP)
- Wydanie IV.
|
|
260 -Strefa adresu wydawniczego [ , ]
|
-
- a
- Miejsce wydania (P)
- Warszawa :
-
- b
- Nazwa wydawcy (P)
- Wydawnictwo Naukowe PWN,
-
|
|
300 -Strefa opisu fizycznego [ , ]
|
-
- a
- Określenie formy książki i/lub objętość (NP)
- 687 stron :
-
- b
- Oznaczenie ilustracji (NP)
- ilustracje ;
-
|
|
336 -Typ zawartości [ , ]
|
-
- a
- Termin opisujący typ zawartości
- Tekst
-
- b
- Kod określający zawartość
- txt
-
- 2
- Źródło (terminu i kodu)
- rdacontent
|
|
337 -Typ mediów [ , ]
|
-
- a
- Tryb odtwarzania
- Bez urządzenia pośredniczącego
-
-
- 2
- Źródło (terminu i kodu)
- rdamedia
|
|
338 -Typ/rodzaj nośnika [ , ]
|
-
- a
- Hasło opisujące typ nośnika
- Wolumin
-
-
- 2
- Źródło (terminu i kodu)
- rdacarrier
|
|
380 -Deskryptor - Forma dzieła (P) [ , ]
|
-
- a
- forma dzieła (NP)
- Książki
|
|
380 -Deskryptor - Forma dzieła (P) [ , ]
|
-
- a
- forma dzieła (NP)
- Publikacje dydaktyczne
|
|
380 -Deskryptor - Forma dzieła (P) [ , ]
|
-
- a
- forma dzieła (NP)
- Publikacje naukowe
|
|
385 -Deskryptor - grupa odbiorców (P) [ , ]
|
-
- m
- wyrażenie wprowadzające (NP)
- Poziom nauczania
-
- a
- termin określający odbiorcę (P)
- Szkoły wyższe
|
|
388 -Deskryptor - czas powstania dzieła (P) [1, ]
|
-
- a
- Czas powstania dzieła (NP)
- 2001-
|
|
700 -Hasło dodatkowe - nazwa osobowa [1, ]
|
-
- a
- Nazwa osobowa (NP)
- Milewski, Roman
-
- d
- Daty biograficzne (NP)
- (1940-2001).
-
- e
- Określenie rodzaju współpracy
- Redakcja
-
- e
- Określenie rodzaju współpracy
- Autor
-
|
|
700 -Hasło dodatkowe - nazwa osobowa [1, ]
|
-
- a
- Nazwa osobowa (NP)
- Kwiatkowski, Eugeniusz
-
- d
- Daty biograficzne (NP)
- (1947- ).
-
- e
- Określenie rodzaju współpracy
- Redakcja
-
- e
- Określenie rodzaju współpracy
- Autor
-
|
|
700 -Hasło dodatkowe - nazwa osobowa [1, ]
|
-
- a
- Nazwa osobowa (NP)
- Baranowski, Paweł
-
- c
- Dopowiedzenie inne niż daty biograficzne (NP)
- (ekonomia).
-
- e
- Określenie rodzaju współpracy
- Autor
-
|
|
700 -Hasło dodatkowe - nazwa osobowa [1, ]
|
-
- a
- Nazwa osobowa (NP)
- Działo, Joanna.
-
- e
- Określenie rodzaju współpracy
- Autor
-
|
|
700 -Hasło dodatkowe - nazwa osobowa [1, ]
|
-
- a
- Nazwa osobowa (NP)
- Gajewski, Paweł
-
- c
- Dopowiedzenie inne niż daty biograficzne (NP)
- (ekonomia).
-
- e
- Określenie rodzaju współpracy
- Autor
-
|
|
700 -Hasło dodatkowe - nazwa osobowa [1, ]
|
-
- a
- Nazwa osobowa (NP)
- Godłów-Legiędź, Janina.
-
- e
- Określenie rodzaju współpracy
- Autor
-
|
|
700 -Hasło dodatkowe - nazwa osobowa [1, ]
|
-
- a
- Nazwa osobowa (NP)
- Grabia, Tomasz.
-
- e
- Określenie rodzaju współpracy
- Autor
-
|
|
700 -Hasło dodatkowe - nazwa osobowa [1, ]
|
-
- a
- Nazwa osobowa (NP)
- Krajewska, Anna
-
- d
- Daty biograficzne (NP)
- (1942- ).
-
- e
- Określenie rodzaju współpracy
- Autor
-
|
|
700 -Hasło dodatkowe - nazwa osobowa [1, ]
|
-
- a
- Nazwa osobowa (NP)
- Krajewski, Piotr
-
- c
- Dopowiedzenie inne niż daty biograficzne (NP)
- (ekonomia).
-
- e
- Określenie rodzaju współpracy
- Autor
-
|
|
700 -Hasło dodatkowe - nazwa osobowa [1, ]
|
-
- a
- Nazwa osobowa (NP)
- Krajewski, Stefan
-
- d
- Daty biograficzne (NP)
- (1941- ).
-
- e
- Określenie rodzaju współpracy
- Autor
-
|
|
700 -Hasło dodatkowe - nazwa osobowa [1, ]
|
-
- a
- Nazwa osobowa (NP)
- Kucharski, Leszek
-
- d
- Daty biograficzne (NP)
- (1967- ).
-
- e
- Określenie rodzaju współpracy
- Autor
-
|
|
700 -Hasło dodatkowe - nazwa osobowa [1, ]
|
-
- a
- Nazwa osobowa (NP)
- Kwiatkowska, Walentyna.
-
- e
- Określenie rodzaju współpracy
- Autor
-
|
|
700 -Hasło dodatkowe - nazwa osobowa [1, ]
|
-
- a
- Nazwa osobowa (NP)
- Piasecki, Ryszard
-
- c
- Dopowiedzenie inne niż daty biograficzne (NP)
- (ekonomia).
-
- e
- Określenie rodzaju współpracy
- Autor
-
|
|
700 -Hasło dodatkowe - nazwa osobowa [1, ]
|
-
- a
- Nazwa osobowa (NP)
- Piłat, Katarzyna.
-
- e
- Określenie rodzaju współpracy
- Autor
-
|
|
700 -Hasło dodatkowe - nazwa osobowa [1, ]
|
-
- a
- Nazwa osobowa (NP)
- Piwowarski, Radosław.
-
- e
- Określenie rodzaju współpracy
- Autor
-
|
|
700 -Hasło dodatkowe - nazwa osobowa [1, ]
|
-
- a
- Nazwa osobowa (NP)
- Raczko, Andrzej.
-
- e
- Określenie rodzaju współpracy
- Autor
-
|
|
700 -Hasło dodatkowe - nazwa osobowa [1, ]
|
-
- a
- Nazwa osobowa (NP)
- Samecki, Paweł
-
- d
- Daty biograficzne (NP)
- (1958- ).
-
- e
- Określenie rodzaju współpracy
- Autor
-
|
|
700 -Hasło dodatkowe - nazwa osobowa [1, ]
|
-
- a
- Nazwa osobowa (NP)
- Witkowska, Janina.
-
- e
- Określenie rodzaju współpracy
- Autor
-
|
|
710 -Hasło dodatkowe - nazwa ciała zbiorowego [2, ]
|
-
- a
- Nazwa ciała zbiorowego lub nazwa geograficzna jako pierwszy element (NP)
- Wydawnictwo Naukowe PWN.
-
- e
- Rodzaj współpracy
- Wydawca
-
-
|